Statistics for Beatles Lyrics Quiz (Part 010)

Click here to take the quiz!

General Stats

  • This quiz has been taken 101 times
  • The average score is 86 of 172

Answer Stats

Answer% Correct
I
99%
a
96%
be
82%
and
80%
to
78%
it
76%
me
75%
my
73%
on
69%
baby,
51%
baby
51%
from
43%
now
43%
some
43%
they
42%
got
41%
Everybody's
37%
trying
37%
Well
33%
women
33%
up
30%
night,
27%
took
25%
tree
24%
door
23%
out
23%
had
22%
honey
22%
didn't
20%
four
20%
last
20%
past
20%
Went
19%
half
18%
knocking
18%
called
17%
Dressed
17%
late
17%
Fifty
16%
home
16%
stay
14%
Woke
12%
dates
11%
'Fore
11%
nineteen
10%

Score Distribution

Percentile by Number Answered

Percent of People with Each Score

Your Score History

You have not taken this quiz